000 00458nam a22001577a 4500
999 _c8489
_d8489
008 200219b ||||| |||| 00| 0 eng d
020 _a9789352138166
082 _a004 GOT
100 _aGORELIK, Alex
245 _aThe Enterprise Big Data Lake
_bDelivering the Promise of Big Data and Data Science
250 _a1st
_b2005
260 _aNew Delhi
_bShroff/O'Reilly Publishers & Distributors Pvt. Ltd.
300 _a205
650 _aCSE
942 _2ddc
_cBK